[Event "Saint Louis Blitz 2017"]
[Site "Saint Louis USA"]
[Date "2017.08.18"]
[Round "12.4"]
[White "Karjakin, Sergey"]
[Black "Navara, David"]
[Result "0-1"]
[WhiteTitle "GM"]
[BlackTitle "GM"]
[WhiteElo "2773"]
[BlackElo "2737"]
[WhiteFideId "14109603"]
[BlackFideId "309095"]
[EventDate "2017.08.17"]

1. e4 c6 2. Nf3 d5 3. Nc3 dxe4 4. Nxe4 Nf6 5. Nxf6+ exf6 6. Bc4 Bd6 7. Qe2+ Be7
8. O-O O-O 9. d4 Bd6 10. c3 Na6 11. Qc2 Re8 12. Nd2 Nc7 13. Bd3 g6 14. Ne4 Bf8
15. Bd2 f5 16. Ng3 Nd5 17. Rfe1 Be6 18. Nf1 Bd6 19. h3 Nf4 20. Bxf4 Bxf4 21. Nd2
Bd5 22. Rxe8+ Qxe8 23. c4 Be6 24. Nf3 Qd7 25. Rd1 Rd8 26. Qa4 a6 27. Qb4 Bb8 28.
Be2 Qc7 29. b3 g5 30. Qd2 f6 31. g3 f4 32. g4 h5 33. Qd3 hxg4 34. Nxg5 Bc8 35.
Ne4 f3 36. Bxf3 gxf3 37. Nxf6+ Kh8 38. Kf1 Bxh3+ 39. Ke1 Qe7+ 40. Kd2 Qxf6 41.
Kc1 Bf4+ 42. Kb2 Rxd4 43. Qc3 Rd2+ 0-1

[Event "Saint Louis Blitz 2017"]
[Site "Saint Louis USA"]
[Date "2017.08.18"]
[Round "12.5"]
[White "Nepomniachtchi, Ian"]
[Black "Dominguez Perez, Leinier"]
[Result "1-0"]
[WhiteTitle "GM"]
[BlackTitle "GM"]
[WhiteElo "2751"]
[BlackElo "2739"]
[WhiteFideId "4168119"]
[BlackFideId "3503240"]
[EventDate "2017.08.17"]

1. Nf3 d5 2. g3 Nf6 3. Bg2 e6 4. O-O Be7 5. d3 O-O 6. Nbd2 c5 7. e4 Nc6 8. Re1
Qc7 9. e5 Nd7 10. Qe2 b5 11. Nf1 Bb7 12. h4 Rfc8 13. Bd2 b4 14. N1h2 Qd8 15. Bg5
h6 16. Bxe7 Nxe7 17. Qd2 a5 18. h5 c4 19. Nd4 Nc6 20. Nhf3 Nxd4 21. Nxd4 cxd3
22. cxd3 Ba6 23. Rad1 Nc5 24. Qe3 Qg5 25. f4 Qxh5 26. Rd2 Qg6 27. Red1 Bxd3 28.
Rxd3 Nxd3 29. f5 exf5 30. Qxd3 Re8 31. Re1 Rad8 32. Nxf5 Re6 33. Bh3 Qg5 34. Kh2
d4 35. Re4 g6 36. Nh4 Rc6 37. Nf3 Qc1 38. Re2 Qc4 39. Qxc4 Rxc4 40. e6 Rc7 41.
exf7+ Kxf7 42. Ne5+ Kg7 43. Nd3 Kf7 44. Rf2+ Kg7 45. Nf4 Re7 46. Ne6+ Rxe6 47.
Bxe6 d3 48. Rd2 Rd4 49. b3 Re4 50. Bc4 Kf6 51. Bxd3 Rd4 52. Rf2+ Kg5 53. Rf3 h5
54. Kg2 Rd6 55. Kf2 Re6 56. Bc4 Re5 57. Rd3 Rf5+ 58. Kg2 Kf6 59. Rd6+ Kg7 60.
Rd5 Rxd5 61. Bxd5 Kf6 62. Kf3 g5 63. Ke4 h4 1-0

[Event "Saint Louis Blitz 2017"]
[Site "Saint Louis USA"]
[Date "2017.08.18"]
[Round "13.1"]
[White "Navara, David"]
[Black "Nepomniachtchi, Ian"]
[Result "1/2-1/2"]
[WhiteTitle "GM"]
[BlackTitle "GM"]
[WhiteElo "2737"]
[BlackElo "2751"]
[WhiteFideId "309095"]
[BlackFideId "4168119"]
[EventDate "2017.08.17"]

1. e4 c5 2. Nf3 d6 3. Bb5+ Nd7 4. O-O a6 5. Bd3 Ngf6 6. c3 g6 7. Re1 Bg7 8. Bf1
b5 9. d4 cxd4 10. cxd4 Bb7 11. e5 dxe5 12. dxe5 Nd5 13. e6 fxe6 14. Ng5 Nc5 15.
Qf3 Rf8 16. Qh3 h6 17. Nxe6 Nxe6 18. Qxe6 Qb6 19. Qxb6 Nxb6 20. Nc3 b4 21. Ne4
O-O-O 22. Nc5 Bd4 23. Be3 Bxb2 24. Ne6 Bxa1 25. Rxa1 Nd5 26. Bxh6 Rf6 27. Rc1+
Nc3 28. Nxd8 Kxd8 29. a3 a5 30. axb4 axb4 31. Bd2 Rc6 32. h4 Bc8 33. f3 e5 34.
g4 e4 35. h5 gxh5 36. gxh5 exf3 37. Bd3 Ne2+ 38. Bxe2 Rxc1+ 39. Bxc1 fxe2 40.
Kf2 1/2-1/2

[Event "Saint Louis Blitz 2017"]
[Site "Saint Louis USA"]
[Date "2017.08.18"]
[Round "13.2"]
[White "Dominguez Perez, Leinier"]
[Black "Caruana, Fabiano"]
[Result "1-0"]
[WhiteTitle "GM"]
[BlackTitle "GM"]
[WhiteElo "2739"]
[BlackElo "2807"]
[WhiteFideId "3503240"]
[BlackFideId "2020009"]
[EventDate "2017.08.17"]

1. d4 d5 2. c4 e6 3. Nf3 Nf6 4. g3 Bb4+ 5. Bd2 Be7 6. Bg2 O-O 7. O-O Nbd7 8. Bf4
c6 9. Nc3 b6 10. cxd5 exd5 11. Rc1 Bb7 12. Qc2 Re8 13. Rfd1 Nf8 14. e4 dxe4 15.
Ne5 Nd5 16. Nxe4 Ne6 17. Be3 Rc8 18. Qb3 Bf8 19. Nc3 Nxe3 20. fxe3 Rc7 21. Kh1
h5 22. Rf1 h4 23. gxh4 Qxh4 24. Nb5 cxb5 25. Rxc7 Bxg2+ 26. Kxg2 Qe4+ 27. Rf3
Bd6 28. Rxf7 Bxe5 29. dxe5 Qg6+ 30. Kf2 Rc8 31. e4 Qh6 32. Kg2 Qg6+ 33. Kf2 Rc4
34. Qd3 Qh5 35. Kg2 Qg4+ 36. Rg3 Qxe4+ 37. Qxe4 Rxe4 38. Rxa7 Re2+ 39. Kf1 Rxe5
40. Kf2 Rf5+ 41. Rf3 Rd5 42. Ke3 Nc5 43. Rg3 Ne6 44. Rb7 Re5+ 45. Kd2 Rh5 46. h3
Rd5+ 47. Kc1 Rd6 48. a3 Kh7 49. Re7 Kh6 50. Kb1 g5 51. Ka2 Kh5 52. Rb3 Nd4 53.
Rd3 Kg6 54. Re4 1-0

[Event "Saint Louis Blitz 2017"]
[Site "Saint Louis USA"]
[Date "2017.08.18"]
[Round "13.3"]
[White "Karjakin, Sergey"]
[Black "Aronian, Levon"]
[Result "1/2-1/2"]
[WhiteTitle "GM"]
[BlackTitle "GM"]
[WhiteElo "2773"]
[BlackElo "2799"]
[WhiteFideId "14109603"]
[BlackFideId "13300474"]
[EventDate "2017.08.17"]

1. e4 e5 2. Nf3 Nc6 3. Bb5 a6 4. Ba4 Nf6 5. O-O Be7 6. d3 d6 7. c3 O-O 8. Nbd2
b5 9. Bc2 d5 10. d4 exd4 11. e5 d3 12. Bxd3 Ng4 13. Qe2 f6 14. exf6 Nxf6 15. h3
Bd6 16. Re1 Re8 17. Qd1 Rxe1+ 18. Qxe1 Bd7 19. Nb3 Qf8 20. Be3 Re8 21. Qd1 Ne5
22. Nxe5 Rxe5 23. Bd4 Re8 24. Qf3 Kh8 25. Bf5 Qe7 26. Be3 Rf8 27. Bxd7 Qxd7 28.
Re1 Ne4 29. Qg4 Qf7 30. Rf1 h5 31. Qe2 Qg6 32. Rd1 c6 33. Nd4 Bb8 34. Re1 Kg8
35. Nf3 Qd6 36. Kf1 Qf6 37. Bd4 Qf5 38. Kg1 Bd6 39. Be3 Qg6 40. Nd4 Bb8 41. Nf3
Bd6 42. Nd4 Bb8 43. Nf3 1/2-1/2

[Event "Saint Louis Blitz 2017"]
[Site "Saint Louis USA"]
[Date "2017.08.18"]
[Round "13.5"]
[White "Anand, Viswanathan"]
[Black "Le, Quang Liem"]
[Result "1/2-1/2"]
[WhiteTitle "GM"]
[BlackTitle "GM"]
[WhiteElo "2783"]
[BlackElo "2739"]
[WhiteFideId "5000017"]
[BlackFideId "12401137"]
[EventDate "2017.08.17"]

1. e4 e5 2. Nf3 Nc6 3. Bc4 Bc5 4. d3 Nf6 5. c3 O-O 6. Bg5 h6 7. Bh4 Be7 8. Bg3
d6 9. Nbd2 Na5 10. Bb5 a6 11. Ba4 b5 12. Bc2 c5 13. Nf1 Bb7 14. Ne3 Re8 15. O-O
Bf8 16. Re1 Rc8 17. Bh4 c4 18. Nd2 g5 19. Bg3 d5 20. exd5 Nxd5 21. dxc4 Nf4 22.
cxb5 axb5 23. Be4 Nd3 24. Bxd3 Qxd3 25. Nb3 Qxd1 26. Raxd1 Nxb3 27. axb3 f6 28.
f3 Kf7 29. Bf2 Ke6 30. Nc2 Kf7 31. b4 Bc6 32. Bc5 Bg7 33. Ne3 Kg6 34. Kf2 h5 35.
Rd6 Bf8 36. Rd2 Bh6 37. Ra1 g4 38. Ra6 Re6 39. Rd1 f5 40. Rd6 Bxe3+ 41. Kxe3 f4+
42. Kf2 Rxd6 43. Bxd6 Kf5 44. Rb6 Ke6 45. Rb8 Rxb8 46. Bxb8 1/2-1/2

[Event "Saint Louis Blitz 2017"]
[Site "Saint Louis USA"]
[Date "2017.08.18"]
[Round "14.2"]
[White "Nepomniachtchi, Ian"]
[Black "Karjakin, Sergey"]
[Result "1/2-1/2"]
[WhiteTitle "GM"]
[BlackTitle "GM"]
[WhiteElo "2751"]
[BlackElo "2773"]
[WhiteFideId "4168119"]
[BlackFideId "14109603"]
[EventDate "2017.08.17"]

1. e4 e5 2. Nf3 Nc6 3. Bc4 Bc5 4. O-O Nf6 5. d3 O-O 6. c3 d5 7. exd5 Nxd5 8.
Nbd2 Nb6 9. Bb5 Bd6 10. Re1 Bg4 11. h3 Bh5 12. Ne4 f5 13. Ng3 Bxf3 14. Qxf3 Qd7
15. Bd2 a6 16. Bxc6 Qxc6 17. Qxc6 bxc6 18. c4 Na4 19. Bc1 Rad8 20. Nf1 Nc5 21.
Bg5 Rb8 22. b3 Nxd3 23. Re2 e4 24. Rd1 Rbe8 25. f3 exf3 26. Rxe8 f2+ 27. Kh1
Rxe8 28. Be3 f4 29. Rxd3 fxe3 30. Rxe3 Rxe3 31. Nxe3 Kf7 32. g4 Bc5 33. Nf1 Kf6
34. Kg2 Ke5 35. Kf3 Bd4 36. Ng3 g6 37. Nf1 Kf6 38. Ng3 Kg5 39. Nf1 Kh4 40. Kg2
Be5 41. Nd2 f1=Q+ 42. Nxf1 Bf4 43. Nh2 Bxh2 44. Kxh2 c5 45. Kg2 h5 46. gxh5 gxh5
47. Kh2 Kg5 48. Kg3 h4+ 49. Kf3 Kf5 50. Ke3 Ke5 51. Kf3 Kf5 52. Ke3 1/2-1/2

[Event "Saint Louis Blitz 2017"]
[Site "Saint Louis USA"]
[Date "2017.08.18"]
[Round "14.3"]
[White "Le, Quang Liem"]
[Black "Kasparov, Garry"]
[Result "1/2-1/2"]
[WhiteTitle "GM"]
[BlackTitle "GM"]
[WhiteElo "2739"]
[BlackElo "2812"]
[WhiteFideId "12401137"]
[BlackFideId "4100018"]
[EventDate "2017.08.17"]

1. d4 Nf6 2. Nf3 g6 3. Bf4 d6 4. e3 Nh5 5. Bg5 h6 6. Bh4 g5 7. Nfd2 Ng7 8. Bg3
Nf5 9. c3 Bg7 10. Bd3 e6 11. Na3 Nd7 12. Qf3 Nxg3 13. hxg3 a6 14. O-O-O Rb8 15.
Nc2 b5 16. Qe2 c5 17. f4 d5 18. dxc5 Nxc5 19. e4 b4 20. cxb4 Nxd3+ 21. Qxd3 O-O
22. exd5 Qxd5 23. Qxd5 exd5 24. Nf3 a5 25. Rxd5 axb4 26. fxg5 h5 27. Ncd4 Bb7
28. Rd6 Rfc8+ 29. Kd2 Rd8 30. Rxd8+ Rxd8 31. Ke3 Re8+ 32. Kf2 Ra8 33. a3 bxa3
34. bxa3 Rxa3 35. Rxh5 Ra2+ 36. Kg1 Bxd4+ 37. Nxd4 Rxg2+ 38. Kf1 Rxg3 39. Kf2
Rg4 40. Ke3 Re4+ 41. Kd3 Re5 42. Rh2 Rxg5 43. Rb2 Bd5 44. Ke3 Re5+ 45. Kf2 Kg7
46. Rb5 f6 47. Ra5 Kg6 48. Ne2 Rf5+ 49. Ke3 Re5+ 50. Kf2 Kg5 51. Nc3 Be6 52.
Rxe5+ fxe5 53. Ke3 1/2-1/2

[Event "Saint Louis Blitz 2017"]
[Site "Saint Louis USA"]
[Date "2017.08.18"]
[Round "14.4"]
[White "Aronian, Levon"]
[Black "Anand, Viswanathan"]
[Result "1/2-1/2"]
[WhiteTitle "GM"]
[BlackTitle "GM"]
[WhiteElo "2799"]
[BlackElo "2783"]
[WhiteFideId "13300474"]
[BlackFideId "5000017"]
[EventDate "2017.08.17"]

1. Nf3 d5 2. g3 c5 3. Bg2 Nf6 4. O-O g6 5. c3 Bg7 6. d4 cxd4 7. cxd4 O-O 8. Nc3
Ne4 9. Ng5 Nxc3 10. bxc3 h6 11. Nh3 Nc6 12. Nf4 e6 13. e4 dxe4 14. Bxe4 Bd7 15.
d5 exd5 16. Bxd5 Ne5 17. Bxb7 Bg4 18. Qxd8 Raxd8 19. Be3 g5 20. Ng2 Rd7 21. Ba6
Nf3+ 22. Kh1 Bxc3 23. Rac1 Rc7 24. Ne1 Ba5 25. Nxf3 Bxf3+ 26. Kg1 Rd8 27. Rxc7
Bxc7 28. Rc1 Bb6 1/2-1/2

[Event "Saint Louis Blitz 2017"]
[Site "Saint Louis USA"]
[Date "2017.08.18"]
[Round "14.5"]
[White "Caruana, Fabiano"]
[Black "Navara, David"]
[Result "1-0"]
[WhiteTitle "GM"]
[BlackTitle "GM"]
[WhiteElo "2807"]
[BlackElo "2737"]
[WhiteFideId "2020009"]
[BlackFideId "309095"]
[EventDate "2017.08.17"]

1. e4 c6 2. d4 d5 3. exd5 cxd5 4. Bd3 Nc6 5. c3 Nf6 6. h3 g6 7. Nf3 Bf5 8. Be2
Bg7 9. O-O O-O 10. Bf4 Nh5 11. Be3 Qc7 12. Re1 Rad8 13. Na3 Nf4 14. Bf1 a6 15.
Qd2 Ne6 16. Rac1 Qa5 17. Bh6 b5 18. Nh4 b4 19. Nxf5 gxf5 20. cxb4 Qb6 21. b5
axb5 22. Nxb5 Ncxd4 23. Bxg7 Kxg7 24. Qc3 Rc8 25. Qg3+ Kh8 26. Rxc8 Rxc8 27.
Qe5+ Kg8 28. Nxd4 Qxd4 29. Qxf5 Qxb2 30. Rxe6 Rc1 31. Rxe7 1-0

[Event "Saint Louis Blitz 2017"]
[Site "Saint Louis USA"]
[Date "2017.08.18"]
[Round "15.1"]
[White "Karjakin, Sergey"]
[Black "Caruana, Fabiano"]
[Result "1-0"]
[WhiteTitle "GM"]
[BlackTitle "GM"]
[WhiteElo "2773"]
[BlackElo "2807"]
[WhiteFideId "14109603"]
[BlackFideId "2020009"]
[EventDate "2017.08.17"]

1. b3 e5 2. Bb2 Nc6 3. e3 Nf6 4. Bb5 e4 5. Ne2 a6 6. Bxc6 dxc6 7. Ng3 h5 8. Nc3
Bg4 9. Nge2 Qd7 10. h3 Bf5 11. Ng3 Bg6 12. h4 O-O-O 13. Qe2 Bd6 14. O-O-O Rhe8
15. Qf1 Ng4 16. Kb1 f6 17. Nce2 Bf7 18. f3 exf3 19. gxf3 Nh6 20. Rg1 Be5 21.
Bxe5 Rxe5 22. Nf4 Qe7 23. e4 Qa3 24. Nge2 g5 25. hxg5 fxg5 26. Ng2 a5 27. f4 Rc5
28. Ne3 a4 29. Nc1 axb3 30. cxb3 Ng4 31. Nc2 Qa7 32. fxg5 Bg6 33. Qe2 Rxg5 34.
d3 Qc5 35. Rdf1 Qe7 36. Ne3 Rc5 37. Nxg4 hxg4 38. Qxg4+ Kb8 39. Qxg6 1-0

[Event "Saint Louis Blitz 2017"]
[Site "Saint Louis USA"]
[Date "2017.08.18"]
[Round "15.2"]
[White "Dominguez Perez, Leinier"]
[Black "Le, Quang Liem"]
[Result "1/2-1/2"]
[WhiteTitle "GM"]
[BlackTitle "GM"]
[WhiteElo "2739"]
[BlackElo "2739"]
[WhiteFideId "3503240"]
[BlackFideId "12401137"]
[EventDate "2017.08.17"]

1. e4 e5 2. Nf3 Nc6 3. Bc4 Bc5 4. O-O Nf6 5. d3 O-O 6. h3 d6 7. c3 Ne7 8. d4 Bb6
9. Re1 Ng6 10. Bd3 c5 11. Be3 cxd4 12. cxd4 exd4 13. Bxd4 Ne5 14. Be3 Be6 15.
Nc3 Rc8 16. Bf1 h6 17. Nd4 Bd7 18. Rc1 Re8 19. a3 a6 20. Nc2 Be6 21. Nd4 Nc4 22.
Bxc4 Rxc4 23. f3 Rc8 24. Qd2 Nd7 25. Nxe6 Bxe3+ 26. Rxe3 Rxe6 27. Nd5 Rxc1+ 28.
Qxc1 Nf6 29. Rc3 Kh7 30. Nxf6+ Qxf6 31. Qd2 Re5 32. Rd3 Rb5 33. b4 Rb6 34. Qc3
Qg5 35. Rd5 Rc6 36. Rxg5 Rxc3 37. Rd5 Rxa3 38. Rxd6 b5 39. Rb6 f6 40. h4 h5 41.
Kf2 Kg6 42. Rb7 Ra4 43. Ra7 Rxb4 44. Rxa6 Rb2+ 45. Kg3 b4 46. Rb6 b3 47. Rb7 Rb1
48. Kf4 Kh7 49. Rb5 Kg8 50. Rb7 Kh7 51. Kg3 Kg6 52. Kf4 Rb2 53. Kg3 Rb1 54. Kf4
b2 55. Kg3 Kh7 56. Kh2 Kg8 57. Kg3 g5 58. hxg5 fxg5 59. e5 Kf8 60. Kh2 h4 61.
Rb6 Ke7 62. e6 Kf6 63. Rb5 Kxe6 64. Rb8 Kd5 65. Rb7 Kc4 66. Rb8 Kc3 67. Rc8+ Kd3
68. Rd8+ Ke3 69. Rb8 Kf2 70. Rb5 h3 71. gxh3 Kxf3 72. Rb3+ Ke4 73. Kg2 Kd4 74.
Rb8 Kc3 75. Rc8+ Kd3 76. Rd8+ Kc3 77. Rc8+ Kd3 78. Rd8+ 1/2-1/2

[Event "Saint Louis Blitz 2017"]
[Site "Saint Louis USA"]
[Date "2017.08.18"]
[Round "15.3"]
[White "Nepomniachtchi, Ian"]
[Black "Aronian, Levon"]
[Result "0-1"]
[WhiteTitle "GM"]
[BlackTitle "GM"]
[WhiteElo "2751"]
[BlackElo "2799"]
[WhiteFideId "4168119"]
[BlackFideId "13300474"]
[EventDate "2017.08.17"]

1. c4 Nf6 2. Nc3 e5 3. Nf3 Nc6 4. g3 Bb4 5. Bg2 O-O 6. O-O d6 7. d3 h6 8. Bd2 a5
9. Rc1 Re8 10. a3 Bc5 11. Na4 Ba7 12. c5 e4 13. dxe4 Nxe4 14. Be3 Nxc5 15. Nxc5
Bxc5 16. Bxc5 dxc5 17. Qxd8 Nxd8 18. Rxc5 Rxe2 19. Rxc7 Ne6 20. Rc4 Bd7 21. Nd4
Rxb2 22. Rfc1 Rd8 23. Nf5 Bb5 24. R4c3 Bd3 25. Ne7+ Kf8 26. Nd5 Bb5 27. Rc8 Bc6
28. Rxd8+ Nxd8 29. Ne3 Rb3 30. Nc4 Bxg2 31. Kxg2 b5 32. Nxa5 Rxa3 33. Nc6 Nxc6
34. Rxc6 Ke7 35. Rb6 Rb3 36. g4 b4 37. h4 Rb2 38. Kg3 b3 39. g5 hxg5 40. hxg5
Rb1 41. Kf4 Kd7 42. Rb7+ Kc6 43. Rb8 Kc5 44. Kf5 Kc4 45. Rc8+ Kd3 46. Rb8 Rb2
47. f4 Rb1 48. Rb7 b2 49. Rxf7 Rc1 50. Rb7 b1=Q 51. Rxb1 Rxb1 52. Kg6 Ke4 53.
Kxg7 Kf5 0-1

[Event "Saint Louis Blitz 2017"]
[Site "Saint Louis USA"]
[Date "2017.08.18"]
[Round "15.5"]
[White "Kasparov, Garry"]
[Black "Anand, Viswanathan"]
[Result "1/2-1/2"]
[WhiteTitle "GM"]
[BlackTitle "GM"]
[WhiteElo "2812"]
[BlackElo "2783"]
[WhiteFideId "4100018"]
[BlackFideId "5000017"]
[EventDate "2017.08.17"]

1. d4 Nf6 2. c4 e6 3. Nc3 Bb4 4. Qc2 O-O 5. a3 Bxc3+ 6. Qxc3 d5 7. Nf3 dxc4 8.
Qxc4 b6 9. h4 Bb7 10. Bg5 Nbd7 11. Ne5 h6 12. Nxd7 Qxd7 13. Bxf6 gxf6 14. Rh3 f5
15. Rd1 Kh7 16. Qc1 Bd5 17. Rc3 c6 18. g3 a5 19. e3 Rac8 20. Be2 Qe7 21. Rd2 Rc7
22. Bc4 Rfc8 23. Rdc2 Be4 24. Bd3 Bf3 25. Be2 Be4 26. Bd3 Bf3 27. Be2 1/2-1/2

[Event "Saint Louis Blitz 2017"]
[Site "Saint Louis USA"]
[Date "2017.08.18"]
[Round "16.1"]
[White "Le, Quang Liem"]
[Black "Navara, David"]
[Result "1-0"]
[WhiteTitle "GM"]
[BlackTitle "GM"]
[WhiteElo "2739"]
[BlackElo "2737"]
[WhiteFideId "12401137"]
[BlackFideId "309095"]
[EventDate "2017.08.17"]

1. Nf3 d5 2. d4 Nf6 3. c4 c6 4. Nc3 e6 5. e3 Nbd7 6. Qc2 Bd6 7. b3 O-O 8. Be2 b6
9. O-O Bb7 10. Bb2 Qe7 11. Rad1 Rad8 12. Rfe1 Rfe8 13. g3 c5 14. cxd5 exd5 15.
Bf1 Nf8 16. Bg2 Ne6 17. dxc5 bxc5 18. Nh4 Bb8 19. Nf5 Qd7 20. Na4 d4 21. e4 Rc8
22. Bc1 g6 23. Nh6+ Kg7 24. Nb2 d3 25. Nxd3 Nd4 26. Qb2 Bxe4 27. Nxc5 Rxc5 28.
Rxd4 Rxc1 29. Rxc1 Be5 30. Rxd7 Bxb2 31. Rxf7+ Kxh6 32. Re1 Bc3 33. Re2 Bd4 34.
Bxe4 Rxe4 35. Kf1 Rxe2 36. Kxe2 Ng4 37. Rf4 1-0

[Event "Saint Louis Blitz 2017"]
[Site "Saint Louis USA"]
[Date "2017.08.18"]
[Round "16.2"]
[White "Aronian, Levon"]
[Black "Kasparov, Garry"]
[Result "1/2-1/2"]
[WhiteTitle "GM"]
[BlackTitle "GM"]
[WhiteElo "2799"]
[BlackElo "2812"]
[WhiteFideId "13300474"]
[BlackFideId "4100018"]
[EventDate "2017.08.17"]

1. d4 Nf6 2. Nf3 g6 3. g3 Bg7 4. Bg2 O-O 5. O-O d6 6. Re1 Nbd7 7. e4 e5 8. Nc3
Re8 9. a4 a5 10. Be3 b6 11. h3 Bb7 12. Nh2 Rb8 13. dxe5 Nxe5 14. Rb1 Nc4 15. Bd4
c5 16. Bxf6 Bxf6 17. Qd3 Ne5 18. Qd2 Nc4 19. Qd3 Ne5 20. Qd2 1/2-1/2

[Event "Saint Louis Blitz 2017"]
[Site "Saint Louis USA"]
[Date "2017.08.18"]
[Round "16.4"]
[White "Anand, Viswanathan"]
[Black "Dominguez Perez, Leinier"]
[Result "0-1"]
[WhiteTitle "GM"]
[BlackTitle "GM"]
[WhiteElo "2783"]
[BlackElo "2739"]
[WhiteFideId "5000017"]
[BlackFideId "3503240"]
[EventDate "2017.08.17"]

1. e4 e5 2. Nf3 Nc6 3. Bc4 Bc5 4. c3 Nf6 5. d3 O-O 6. Bg5 h6 7. Bh4 Be7 8. Bg3
d6 9. Nbd2 Na5 10. Bb5 Nh5 11. O-O Nxg3 12. hxg3 a6 13. Ba4 b5 14. Bc2 c5 15.
Re1 Be6 16. d4 Qc7 17. d5 Bd7 18. b3 Nb7 19. Qe2 Rfc8 20. a4 c4 21. b4 a5 22.
axb5 axb4 23. cxb4 Bxb5 24. Rxa8 Rxa8 25. Nb1 Qb6 26. Nc3 Ra3 27. Qd2 Bd8 28.
Rb1 Qa6 29. Bd1 Bb6 30. Be2 Bd7 31. Bf1 Ra1 32. Qb2 Rxb1 33. Nxb1 Nd8 34. Na3
Bb5 35. Qc3 Bd4 36. Qc1 Ba7 37. Nxb5 Qxb5 38. Qxc4 Qb6 39. Qa2 g6 40. Ne1 Kg7
41. Nd3 f5 42. Qc4 Nf7 43. Kh2 h5 44. Be2 fxe4 45. Qxe4 Qd8 46. f4 Qb6 47. g4 0-1

[Event "Saint Louis Blitz 2017"]
[Site "Saint Louis USA"]
[Date "2017.08.18"]
[Round "17.3"]
[White "Caruana, Fabiano"]
[Black "Aronian, Levon"]
[Result "0-1"]
[WhiteTitle "GM"]
[BlackTitle "GM"]
[WhiteElo "2807"]
[BlackElo "2799"]
[WhiteFideId "2020009"]
[BlackFideId "13300474"]
[EventDate "2017.08.17"]

1. Nf3 d5 2. c4 e6 3. b3 c5 4. g3 Nf6 5. Bg2 Be7 6. O-O O-O 7. e3 Nc6 8. Bb2 b6
9. Nc3 dxc4 10. bxc4 Bb7 11. Qe2 Qc7 12. Rac1 Rfd8 13. Rfd1 Na5 14. Ne1 Bxg2 15.
Nxg2 Qb7 16. f4 a6 17. Ba1 Ne4 18. Nxe4 Qxe4 19. d3 Qg6 20. Rb1 Rab8 21. g4 f6
22. h4 b5 23. cxb5 axb5 24. h5 Qe8 25. g5 c4 26. h6 fxg5 27. Bxg7 Qg6 28. dxc4
Nxc4 29. Rxd8+ Rxd8 30. Rxb5 gxf4 31. exf4 Rd2 32. f5 Qxf5 33. Rxf5 Rxe2 34. Rf4
Nd6 35. a4 Nf5 36. Rg4 Kf7 37. Bh8 Ra2 38. Kf1 Bc5 39. Ke1 Bf2+ 40. Kd1 Be3 41.
Ke1 Bd2+ 42. Kd1 Bxh6 43. Ke1 Bd2+ 44. Kd1 h5 45. Rc4 Bg5 46. Rc7+ Kg6 47. Ne1
Rd2+ 0-1

[Event "Saint Louis Blitz 2017"]
[Site "Saint Louis USA"]
[Date "2017.08.18"]
[Round "17.4"]
[White "Karjakin, Sergey"]
[Black "Le, Quang Liem"]
[Result "1-0"]
[WhiteTitle "GM"]
[BlackTitle "GM"]
[WhiteElo "2773"]
[BlackElo "2739"]
[WhiteFideId "14109603"]
[BlackFideId "12401137"]
[EventDate "2017.08.17"]

1. e4 e5 2. Nf3 Nc6 3. Bc4 Bc5 4. O-O Nf6 5. d3 O-O 6. h3 d6 7. c3 Ne7 8. d4 Bb6
9. Bd3 Ng6 10. Re1 c6 11. Nbd2 exd4 12. cxd4 d5 13. e5 Nh5 14. Nf1 Nhf4 15. Bxg6
Nxg6 16. Bg5 f6 17. exf6 gxf6 18. Bh6 Re8 19. Ng3 Rxe1+ 20. Qxe1 Kf7 21. Qe3 Qe7
22. Qd3 Bd7 23. Re1 Qb4 24. b3 Re8 25. Rxe8 Kxe8 26. Nh5 Qe7 27. Bg7 f5 28. Qd2
f4 29. Be5 Nxe5 30. Nxe5 Qg5 31. Nxf4 Bf5 32. Kh2 Be4 33. f3 Bxd4 34. Qxd4 Qxf4+
35. g3 Qc1 36. fxe4 Qc2+ 37. Kg1 Qb1+ 38. Kg2 Qxa2+ 39. Qf2 Qxf2+ 40. Kxf2 dxe4
41. Ke3 Ke7 42. Kxe4 Kd6 43. g4 b5 44. h4 a5 45. g5 a4 46. bxa4 bxa4 47. h5 Ke7
48. Nc4 Ke6 49. Na3 c5 50. Nc4 Kf7 51. Kf5 Ke7 52. g6 hxg6+ 53. hxg6 Kf8 54. Kf6
Kg8 55. g7 1-0

[Event "Saint Louis Blitz 2017"]
[Site "Saint Louis USA"]
[Date "2017.08.18"]
[Round "17.5"]
[White "Navara, David"]
[Black "Anand, Viswanathan"]
[Result "1/2-1/2"]
[WhiteTitle "GM"]
[BlackTitle "GM"]
[WhiteElo "2737"]
[BlackElo "2783"]
[WhiteFideId "309095"]
[BlackFideId "5000017"]
[EventDate "2017.08.17"]

1. c4 c5 2. Nf3 Nc6 3. Nc3 Nf6 4. d4 cxd4 5. Nxd4 e6 6. a3 d5 7. cxd5 exd5 8.
Bg5 Bc5 9. e3 Bxd4 10. exd4 O-O 11. Be2 h6 12. Bh4 Qd6 13. Bg3 Qe7 14. O-O Bf5
15. Re1 Qd7 16. Bf3 Rfe8 17. Be5 Ne4 18. Rc1 Nxe5 19. dxe5 Rxe5 20. Nxe4 dxe4
21. Qxd7 Bxd7 22. Rxe4 Rxe4 23. Bxe4 Rc8 24. Rxc8+ Bxc8 25. f4 f6 26. Kf2 Kf7
27. Ke3 Ke7 28. Kd4 Kd6 29. b4 b6 30. g3 g5 31. Bf3 gxf4 32. gxf4 Bf5 33. Bd5 1/2-1/2

[Event "Saint Louis Blitz 2017"]
[Site "Saint Louis USA"]
[Date "2017.08.18"]
[Round "18.1"]
[White "Anand, Viswanathan"]
[Black "Karjakin, Sergey"]
[Result "1/2-1/2"]
[WhiteTitle "GM"]
[BlackTitle "GM"]
[WhiteElo "2783"]
[BlackElo "2773"]
[WhiteFideId "5000017"]
[BlackFideId "14109603"]
[EventDate "2017.08.17"]

1. e4 e5 2. Nf3 Nc6 3. Bb5 Nf6 4. O-O Nxe4 5. Re1 Nd6 6. Nxe5 Be7 7. Bf1 Nxe5 8.
Rxe5 O-O 9. Nc3 Ne8 10. Nd5 Bd6 11. Re1 c6 12. Ne3 Bc7 13. Nf5 d5 14. Ne7+ Kh8
15. Nxc8 Rxc8 16. d3 f5 17. g3 Nf6 18. Bh3 Qd7 19. Bd2 Ng4 20. d4 Nf6 21. Re2
Rce8 22. Rxe8 Rxe8 23. Qf3 g6 24. Re1 Rxe1+ 25. Bxe1 Qe6 26. Bd2 Kg7 27. Bf1 Ne4
28. Qe2 Kf7 29. c3 Nxd2 30. Qxd2 Bd6 31. Bd3 Kg7 32. Qe2 Qxe2 33. Bxe2 Bc7 34.
Bd3 Bd6 35. Be2 Bc7 36. Bd3 1/2-1/2

[Event "Saint Louis Blitz 2017"]
[Site "Saint Louis USA"]
[Date "2017.08.18"]
[Round "18.2"]
[White "Kasparov, Garry"]
[Black "Navara, David"]
[Result "1/2-1/2"]
[WhiteTitle "GM"]
[BlackTitle "GM"]
[WhiteElo "2812"]
[BlackElo "2737"]
[WhiteFideId "4100018"]
[BlackFideId "309095"]
[EventDate "2017.08.17"]

1. d4 Nf6 2. c4 e6 3. Nc3 Bb4 4. Qc2 O-O 5. a3 Bxc3+ 6. Qxc3 d6 7. Bg5 Nbd7 8.
Nf3 b6 9. e3 Bb7 10. Nd2 Rc8 11. Bd3 c5 12. O-O h6 13. Bh4 cxd4 14. exd4 d5 15.
b3 Qc7 16. Rfe1 Nh5 17. f3 Rfe8 18. Rac1 dxc4 19. bxc4 e5 20. Bf5 exd4 21. Qxd4
Bc6 22. Ne4 Qf4 23. Bxd7 Bxd7 24. Bg3 Nxg3 25. hxg3 Qc7 26. Nd6 Rxe1+ 27. Rxe1
Qc5 28. Qxc5 Rxc5 29. Re7 Be6 30. Rxa7 Rc6 31. Ne4 Bxc4 32. g4 Be6 33. Kf2 Kh7
34. a4 Rc2+ 35. Kg3 Ra2 36. Nd6 Bb3 37. Ra6 Rxa4 38. Rxb6 Be6 39. Ne4 Ra7 1/2-1/2